| 000 | 00763nam a2200241Ia 4500 | ||
|---|---|---|---|
| 003 | OSt | ||
| 005 | 20220923215602.0 | ||
| 006 | a|||||r|||| 00| 0 | ||
| 007 | ta | ||
| 008 | 220922b |||||||| |||| 00| 0 hin d | ||
| 024 | _a180,024 | ||
| 037 | _cTextual | ||
| 040 |
_aARTS _cARTS _bhin |
||
| 041 |
_2hin _ahin |
||
| 082 | _aO152,1J55,b:g, L2 | ||
| 100 | _aगुप्त, सरला; गुप्त, सरोज | ||
| 245 | 0 | _aअंतर्कथाएं | |
| 246 | _aAantarkathāean | ||
| 260 |
_aदिल्ली _b पराग प्रकाशन _c1972 |
||
| 300 |
_a88 पृ. _ccm. |
||
| 942 |
_hO152,1J55,b:g, L2 _cTEXL _2CC |
||
| 999 |
_c333405 _d333405 |
||